College Football Team Names by Clue - Statistics

General Stats
  • This quiz has been taken 27 times
  • The average score is 28 of 68
Answer Stats
Hint Answer % Correct
Tropical storms Miami Hurricanes
95%
Red birds Louisville Cardinals
80%
Flying American symbols Boston College Eagles
65%
Turtles Maryland Terrapins
65%
Group of large canines NC State Wolfpack
65%
Bengals Auburn Tigers
60%
Citizens of a Greek city Michigan State Spartans
60%
European island brawlers Notre Dame Fighting Irish
60%
Cats from a specific mountain Penn State Nittany Lions
60%
Fought the ancient Greeks USC Trojans
60%
Brown, black, polar, etc Baylor Bears
55%
Crocodiles Florida Gators
55%
Members of a Native American tribe Florida State Seminoles
55%
Red medieval warriors Rutgers Scarlet Knights
55%
Snow loving puppies Washington Huskies
55%
Crop farmers Nebraska Cornhuskers
50%
Sticky feet North Carolina Tar Heels
50%
Untamed felines Northwestern Wildcats
50%
Agricultural gurus Texas A&M Aggies
50%
Mountain Lions BYU Cougars
45%
Sad, evil beings Duke Blue Devils
45%
Bovine canines Georgia Bulldogs
45%
Ferocious weasels Michigan Wolverines
45%
Biggest of cats Missouri Tigers
45%
Ocular male deer Ohio State Buckeyes
45%
Settlers ahead of schedule Oklahoma Sooners
45%
Broncos, stallions, etc SMU Mustangs
45%
Male chickens with skills South Carolina Gamecocks
45%
Spiky amphibians TCU Horned Frogs
45%
They freely offer their services Tennessee Volunteers
45%
Red sea level changes Alabama Crimson Tide
40%
Scorching hot demons Arizona State Sun Devils
40%
Catamounts Houston Cougars
40%
Optical birds of prey Iowa Hawkeyes
40%
Tornadoes Iowa State Cyclones
40%
Shiny rodents Minnesota Golden Gophers
40%
Heating device creators Purdue Boilermakers
40%
Ruby colored marauders Texas Tech Red Raiders
40%
High-ranking navy officers Vanderbilt Commodores
40%
Supporters of King Charles I Virginia Cavaliers
40%
Who's yere? Indiana Hoosiers
35%
Some are Siberian LSU Tigers
35%
Cattle herders Oklahoma State Cowboys
35%
Lengthy skull bones Texas Longhorns
35%
People who reach summits West Virginia Mountaineers
35%
Cheetahs, lynxes, and ocelots Arizona Wildcats
30%
Stripes Clemson Tigers
30%
Battling men of the state Illinois Fighting Illini
30%
Insane kitties Kansas State Wildcats
30%
Feral whiskered animals Kentucky Wildcats
30%
English, French, or American Mississippi State Bulldogs
30%
Enemies of the state Ole Miss Rebels
30%
Gets down to avoid something Oregon Ducks
30%
Cougars, leopards, or jaguars Pittsburgh Panthers
30%
High-ranking clergyman Stanford Cardinal
30%
Fruit Syracuse Orange
30%
Harassers Wisconsin Badgers
30%
Despite the name, not Ursidae nor Felidae Cincinnati Bearcats
25%
Bill hunted these beasts Colorado Buffaloes
25%
Mounted, ironclad soldiers UCF Knights
25%
People of a western Native American tribe Utah Utes
25%
Corny people Virginia Tech Hokies
25%
Evil members of the clergy Wake Forest Demon Deacons
25%
Two birds become one Kansas Jayhawks
20%
Dorsal area with sharp blades Arkansas Razorbacks
15%
Dogs' expensive distant relative California Golden Bears
15%
Creatures of European fables UCLA Bruins
15%
Bright, sleeved garments Georgia Tech Yellow Jackets
10%
No matching quizzes found
Score Distribution
Percent of People with Each Score
Percentile by Number Answered
Your Score History
You have not taken this quiz